[Event "ESP-chT Div Honor 2018"]
[Site "Linares"]
[Date "2018.08.08"]
[Round "3"]
[White "Navara, David"]
[Black "Harikrishna, P."]
[Result "1/2-1/2"]
[WhiteElo "2741"]
[BlackElo "2739"]
[Annotator "TA"]
[PlyCount "103"]
[EventDate "2018.08.06"]
[EventType "team-tourn"]
[EventCountry "ESP"]
[SourceTitle "playchess.com"]
[Source "ChessBase"]
[SourceQuality "1"]

{[%evp 19,103,3,9,0,17,0,0,0,0,0,0,0,0,10,7,0,0,-65,-40,-61,-69,-103,-87,-104,-102,-120,0,0,0,0,0,0,0,0,0,0,0,0,0,0,0,0,0,-23,0,0,0,0,0,0,0,0,0,0,0,0,0,0,0,0,0,0,16,16,16,16,16,16,16,16,16,16,16,16,16,16,16,16,16,16,16,16,16,0,0,0]} 1. d4 {Krasenkow,M} d5 2. c4 e6 3. Nc3 Be7 4. cxd5 exd5 5. Bf4 c6 6. e3 Bf5 7. Nge2 Nd7 8. Ng3 Bg6 9. Be2 {D31: Queen's Gambit Declined: Semi-Slav without ...Nf6 (+ Marshall Gambit and Noteboom) and Exchange Variation lines without ...Nf6} Ngf6 10. h4 h5 {LiveBook: 24 Games} 11. Bg5 Ne4 (11... Bd6 {keeps more tension.} 12. Bf4 Be7) 12. Bxe7 $146 (12. Ngxe4 {looks sharper.} dxe4 13. Bxe7 Qxe7 14. d5 Nb6 15. Qd4) ({Predecessor:} 12. Ngxe4 dxe4 13. Bxe7 Qxe7 14. Qb3 b5 15. Rc1 O-O {0-1 (32) Mamedyarov,S (2757)-Topalov,V (2774) Warsaw 2013 CBM 158 [Krasenkow,M]}) 12... Qxe7 13. Nxh5 Bxh5 14. Bxh5 g6 {[#] Threatens to win with ...Nxc3.} 15. Nxe4 Rxh5 16. Ng3 Rxh4 17. Rxh4 Qxh4 18. b4 (18. Qf3 $11) 18... a6 19. a4 Nb6 20. Rc1 Qe7 21. Qb3 Nc4 22. Nf1 a5 ({Better is} 22... Qe4 $17 23. g3 Kd7) 23. b5 $11 Qb4+ 24. Qxb4 axb4 25. bxc6 bxc6 26. Nd2 Nxd2 27. Kxd2 Rxa4 28. Rxc6 {[%mdl 4096] Endgame KR-KR} Ra2+ 29. Ke1 $1 b3 30. Rb6 b2 31. Kd1 Kd7 32. f3 {The position is equal.} Kc7 33. Rb3 Kc6 34. Kc2 b1=Q+ 35. Kxb1 Rxg2 36. Kc1 g5 37. Kd1 f5 38. Ke1 Rc2 39. Rb8 {[#] aiming for Rc8+.} Kd6 40. Rg8 g4 (40... f4 {is more complex.} 41. exf4 gxf4 42. Rd8+ Ke6 43. Rf8 Rg2) 41. fxg4 fxg4 42. Rxg4 Ke6 43. Rg5 Ra2 44. Kf1 Rb2 45. Rg2 Rb1+ 46. Ke2 Ra1 47. Rg6+ Ke7 48. Rb6 Rh1 49. Kf3 Rh3+ 50. Kf4 Rh4+ 51. Kf5 Re4 52. Rb3 {Precision: White = 55%, Black = 66%.} 1/2-1/2

[Event "ESP-chT Div Honor 2018"]
[Site "Linares"]
[Date "2018.08.08"]
[Round "3"]
[White "Vitiugov, Nikita"]
[Black "Kryvoruchko, Yuriy"]
[Result "1/2-1/2"]
[WhiteElo "2730"]
[BlackElo "2711"]
[Annotator "TA"]
[PlyCount "37"]
[EventDate "2018.08.06"]
[EventType "team-tourn"]
[EventCountry "ESP"]
[SourceTitle "playchess.com"]
[Source "ChessBase"]
[SourceQuality "1"]

{[%evp 22,37,10,21,18,18,21,9,30,29,27,28,28,-36,23,0,23,-43]} 1. d4 Nf6 2. c4 e6 3. g3 d5 4. Bg2 Be7 5. Nf3 O-O 6. O-O dxc4 7. Qc2 b6 {E05: Open Catalan: 5 Nf3 Be7} 8. Ne5 Qxd4 9. Bxa8 Qxe5 10. Bf3 Nd5 11. Qxc4 Ba6 12. Qa4 {LiveBook: 4 Games} c5 13. Na3 $146 ({Predecessor:} 13. Re1 b5 14. Qe4 Nc6 15. Nc3 {½-½ (37) Aronian,L (2799)-Hou,Y (2652) Tbilisi 2017}) 13... Qc7 14. Rd1 Bf6 15. Rb1 Qc6 16. Qe4 Qc8 17. Qa4 ({White should play} 17. Bd2 $1 $11) 17... Qc6 (17... Nc6 $15) 18. Qe4 Qc8 19. Qa4 {Precision: White = 48%, Black = 62%.} (19. Bd2 $11) 1/2-1/2

[Event "ESP-chT Div Honor 2018"]
[Site "Linares"]
[Date "2018.08.08"]
[Round "3"]
[White "Saric, Ivan"]
[Black "Rodshtein, Maxim"]
[Result "1/2-1/2"]
[WhiteElo "2690"]
[BlackElo "2678"]
[Annotator "TA"]
[PlyCount "175"]
[EventDate "2018.08.06"]
[EventType "team-tourn"]
[EventCountry "ESP"]
[SourceTitle "playchess.com"]
[Source "ChessBase"]
[SourceQuality "1"]

{[%evp 14,175,9,15,18,14,25,18,20,8,40,19,34,0,-1,-24,-14,-14,-16,-20,7,0,0,0,22,22,22,26,29,29,29,29,30,29,120,127,123,114,152,130,216,96,341,96,131,0,0,0,0,0,0,0,0,0,0,0,0,0,43,71,77,69,66,63,85,97,273,235,477,477,442,454,477,443,280,400,287,83,83,79,77,81,129,113,31,44,129,129,129,129,190,70,70,0,0,0,71,71,71,45,71,0,0,0,0,0,0,0,0,0,0,0,0,0,0,24,24,0,0,0,0,0,0,0,0,0,0,0,0,0,0,0,0,0,0,0,0,0,0,0,0,0,0,0,0,0,0,0,0,0,0,0,0,0,0,0,0,0,0,0,0,0,0,0]} 1. e4 e5 2. Nf3 Nc6 3. Bb5 Nf6 4. d3 Bc5 5. Nbd2 O-O 6. Bxc6 {C65: Ruy Lopez: Berlin Defence (3...Nf6), unusual lines and 4 0-0 Bc5} dxc6 7. Qe2 Re8 8. Nc4 {LiveBook: 19 Games} Bg4 9. Bg5 $146 ({Predecessor:} 9. h3 Bxf3 10. Qxf3 Nd7 11. Qg3 Qe7 12. O-O Nf8 {½-½ (48) Caruana,F (2802)-Nakamura,H (2786) chess.com INT 2017}) 9... Re6 (9... b5 {is interesting.} 10. Ne3 Bh5 11. h3 a5 12. a4 Bd4) 10. h3 {[%cal Bh2h3,Bh3h4,Bh4h5,Bh5h6][%mdl 32]} Bxf3 11. Qxf3 Qe8 12. h4 Nd7 13. h5 b5 14. Ne3 f6 15. Bh4 Bxe3 16. fxe3 c5 {[#]} 17. h6 $1 {[%mdl 512]} g6 (17... gxh6 18. a4) 18. a4 b4 19. b3 a5 20. O-O-O Rd6 21. g4 Qe7 22. Rhf1 Rf8 23. Qe2 Rd8 (23... Nb6 $11) 24. d4 $1 $16 cxd4 (24... exd4 $6 25. exd4 Qe6 26. d5 $14) 25. exd4 Nb6 26. d5 c5 (26... Ra8 $16) 27. Qb5 (27. dxc6 $1 $18 {is the precise move to win. And now Rxd6 would win.} Rxc6 28. Rxd8+ Qxd8 29. Qb5) 27... Rc8 $2 {[#]} (27... Nd7 $16 {might work better.}) 28. Kb1 $2 ({Not} 28. Qxa5 Nd7 $16) (28. Rxf6 $1 $18 {[%mdl 512]} Rxf6 29. d6) 28... c4 29. Qxa5 (29. Rc1 $16) 29... Qc7 $1 $11 30. Rc1 ({Wrong is} 30. Bxf6 $2 cxb3 31. c4 Qxc4 $19) 30... g5 31. Bf2 $1 Nxd5 $1 32. Qxc7 {[%csl Gh6][%cal Rc7g7]} Nc3+ 33. Kb2 {[%csl Gh6][%cal Rc7g7]} Rxc7 34. Rfe1 Kf7 35. a5 Nb5 36. bxc4 $1 Rxc4 37. Red1 $1 Nd4 $1 38. Bxd4 exd4 $14 {[%mdl 4096] Endgame KRR-KRR} 39. Kb3 Rdc6 $2 (39... Rc8 $16) 40. Rd3 $1 $18 Ke6 $2 {[#]} (40... Kg6 {was called for.} 41. a6 Rc8) 41. a6 $1 {[%cal Ba5a6,Ba6a7][%mdl 544]} Rc8 {[#]} (41... Rxa6 42. Kxc4) 42. Ra1 $1 R4c6 43. a7 Ra8 44. Rxd4 Rc7 45. Ra6+ $2 ({Weaker is} 45. Kxb4 Rb7+ 46. Kc3 Rbxa7 $14) (45. Rxb4 $18 {and the rest is easy. Hoping for Ra6+.} Rcxa7 46. Rxa7 Rxa7 47. Rb6+ Ke5 48. c4) 45... Ke5 $16 46. Rd5+ Kxe4 47. Rda5 Kf4 48. Rxf6+ Kxg4 49. Rfa6 Kh5 ({Better is} 49... Rb7 $1 $14) 50. Kxb4 Rxc2 {[#]} 51. Kb5 $1 {[%cal Rb5b6]} Rb2+ (51... Rf2 $16 {was necessary.} 52. Kb6 Rf7) 52. Kc6 (52. Kc5 $18) 52... Kxh6 $14 53. Kc7+ (53. Ra1 $14) 53... Kh5 $11 54. Rd6 Rb1 (54... Rb4 $1 $11) 55. Rd7 h6 56. Rd6 {aiming for Rd4.} Rb2 57. Raa6 (57. Rd4 $16) 57... g4 $1 58. Rxh6+ Kg5 59. Rhg6+ Kf5 {...Rxa7+! is the strong threat.} 60. Rg7 {Strongly threatening Kd6.} Rb3 61. Ra4 g3 62. Rf7+ Ke6 63. Rg7 Kf6 64. Rgg4 Kf5 $1 65. Rgc4 {Threatens to win with Rc5+.} g2 {The position is equal.} 66. Rc5+ Kf6 67. Ra6+ Ke7 68. Re5+ Kf7 69. Rf5+ Ke7 70. Rg5 Rb2 71. Rg4 Kf7 72. Rg3 Ke7 73. Rg5 Kf7 74. Rg4 Ke7 75. Rg3 Kf7 76. Kc6 Rc8+ 77. Kd7 Ra8 78. Raa3 {[%cal Ra3f3]} Kf6 79. Kd6 {[%cal Ra3f3]} Rd2+ 80. Kc6 {Black must now prevent Kb7.} Rb2 81. Raf3+ Ke5 82. Rf7 Rc8+ 83. Kd7 Ra8 84. Rg5+ Ke4 85. Kc6 Ra2 86. Kb6 Rb2+ 87. Kc6 Ra2 88. Kb6 {Precision: White = 59%, Black = 55%.} 1/2-1/2

[Event "ESP-chT Div Honor 2018"]
[Site "Linares"]
[Date "2018.08.08"]
[Round "3"]
[White "Adhiban, Baskaran"]
[Black "Ponomariov, Ruslan"]
[Result "1/2-1/2"]
[WhiteElo "2671"]
[BlackElo "2686"]
[Annotator "TA"]
[PlyCount "69"]
[EventDate "2018.08.06"]
[EventType "team-tourn"]
[EventCountry "ESP"]
[SourceTitle "playchess.com"]
[Source "ChessBase"]
[SourceQuality "1"]

{[%evp 19,69,59,59,31,54,18,21,17,16,4,17,8,20,0,2,0,0,-20,22,32,41,14,33,15,30,-8,52,0,42,1,14,8,17,-15,-13,-13,-7,-72,-70,-65,-69,-80,-44,-65,-51,-87,-87,-91,-91,-81,0,0]} 1. d4 Nf6 2. c4 c5 3. d5 g6 4. Nc3 d6 5. e4 Bg7 6. h3 O-O 7. Nf3 e6 8. Bd3 Na6 9. Be3 {E90: King's Indian: Classical: Early deviations and 6 h3} (9. O-O Nc7 10. Re1 Re8 11. Bg5 h6 12. Bh4 g5 13. Bg3 Nh5 14. Bh2 Nf4 15. Bxf4 gxf4 16. dxe6 Nxe6 17. Qd2 Be5 18. Be2 Ng5 19. Nxe5 dxe5 20. Qxd8 Rxd8 {½-½ (59) Parligras,M (2613)-Ivanisevic,I (2582) Baile Govora 2017}) 9... Re8 10. O-O Nc7 {LiveBook: 7 Games} 11. a4 {White is slightly better.} Na6 12. Nd2 $146 ({Predecessor:} 12. Rc1 Nb4 13. Bb1 a6 14. Qd2 exd5 15. exd5 b5 16. axb5 axb5 17. Nxb5 {1-0 (59) Gheorghiu,F (2495)-Koerholz,L (2265) Zuerich 1991}) 12... Nb4 13. Be2 b6 14. Qb3 a6 15. Rae1 Ra7 16. Qd1 Rae7 17. Qb1 Qc7 18. Bf4 e5 19. Be3 Nd7 20. Bg4 Rf8 21. Kh1 Ree8 22. Be2 Qd8 ({Better is} 22... f5 $11 23. exf5 gxf5) 23. Nf3 ({White should play} 23. g4 $1 $14) 23... Kh8 24. Bg5 f6 25. Bh4 Bh6 26. Nh2 Bd2 27. Rd1 Bf4 28. Bg4 (28. Rde1 $11 {remains equal.}) 28... h5 $17 29. Bxd7 Bxd7 30. Bg3 f5 31. Bxf4 exf4 32. Rfe1 {[#]} g5 $1 33. Qc1 Qf6 34. h4 g4 (34... gxh4 $17 35. Qxf4 Nc2) 35. Qxf4 {Precision: White = 20%, Black = 47%.} 1/2-1/2

[Event "ESP-chT Div Honor 2018"]
[Site "Linares"]
[Date "2018.08.08"]
[Round "3"]
[White "Jones, Gawain C B"]
[Black "Korneev, Oleg"]
[Result "1-0"]
[WhiteElo "2666"]
[BlackElo "2513"]
[Annotator "TA"]
[PlyCount "115"]
[EventDate "2018.08.06"]
[EventType "team-tourn"]
[EventCountry "ESP"]
[SourceTitle "playchess.com"]
[Source "ChessBase"]
[SourceQuality "1"]

{[%evp 21,115,37,34,18,28,20,34,28,45,48,52,51,43,6,6,4,0,0,7,6,14,0,19,24,27,26,35,37,30,30,36,31,34,41,31,22,27,33,85,89,110,106,100,104,100,68,93,78,143,121,192,170,225,218,313,319,329,324,321,312,300,220,229,176,299,262,392,251,296,239,345,251,240,251,254,242,243,217,242,215,268,269,395,402,405,391,29985,29986,29986,29987,29988,29989,29989,29990,29990,29991]} 1. e4 c5 2. Nf3 e6 3. d4 cxd4 4. Nxd4 Nc6 5. Nc3 a6 6. Nxc6 bxc6 7. Bd3 d5 8. O-O Nf6 9. Qf3 {B46: Sicilian: Taimanov: 5 Nc3 a6} Be7 10. Qg3 Nh5 (10... O-O 11. Bh6 Ne8 12. Bf4 Bh4 13. Qf3 Bg5 14. Na4 Qf6 15. Bxg5 Qxg5 16. Nb6 Rb8 17. Nxc8 Rxc8 18. Bxa6 {1-0 (33) Kramnik,V (2800)-Andreikin,D (2712) Moscow 2018}) 11. Qg4 g6 $1 {LiveBook: 3 Games} 12. Bh6 d4 13. Na4 e5 14. Qf3 Bg5 15. Bc4 {[%csl Gc4][%cal Rf3f7] [#]} Ra7 16. Bxg5 Qxg5 17. Nb6 $146 O-O 18. Nxc8 Rxc8 19. g3 Kg7 20. Qd3 {White wants to play f4.} c5 21. Bxa6 c4 22. Bxc4 {aiming for Bb3.} Nf4 $1 {[%cal Rf4d3]} 23. Qb3 Qh5 24. gxf4 {Black must now prevent f3.} Rxc4 $1 25. f3 Rac7 26. Rf2 exf4 27. Qd3 Qg5+ 28. Kh1 Qc5 29. Rd1 Rb4 ({Black should try} 29... Ra4 $14) 30. b3 $16 Ra7 31. a4 Qe5 32. Qd2 Rab7 33. Rg2 h6 34. Rg4 h5 (34... Qc5 $142) 35. Rg2 {[%cal Bg4g2,Bg2g5,Bg5f5][%mdl 32]} ({But not} 35. Rxf4 $6 d3 $11) 35... Qf6 {[#]} (35... Kh7 $16 36. Rdg1 Qe6 37. Qxf4 d3) 36. Rdg1 $1 $18 R4b6 (36... Qe6 $142 37. Qxf4 d3) 37. Rg5 Re6 (37... Kh7 $142 38. Qd3 Kh6) 38. Rf5 Qh4 39. Rxf4 Qd8 40. Rf5 Kh7 41. Qg2 {Strongly threatening Rxh5+!} Qh4 42. Rd5 Rc6 (42... Qf6 {is a better defense.} 43. Rd1 Rc7) 43. Rxd4 Rc3 (43... Qf6 {might work better.}) 44. Rd2 Qf4 45. Rf2 Qe3 (45... Rbc7 $142 46. Rb1 Ra7) 46. Re2 Qf4 47. Rf1 Rbc7 48. Qg3 Qf6 49. Qf2 Qa6 50. Rd1 Qf6 51. f4 h4 (51... Qc6 $142 52. Kg1 Re7) 52. e5 Qc6+ 53. Kg1 h3 $2 (53... Rd7 $18 54. Rf1 Kg8) 54. Qh4+ {White mates.} Kg7 55. Rd8 {[%csl Gd8][%cal Rh4h8]} Qc5+ 56. Rf2 Qxf2+ 57. Kxf2 {[%csl Gd8][%cal Rh4h8]} Rxc2+ 58. Ke3 {Precision: White = 75%, Black = 36%.} 1-0

[Event "ESP-chT Div Honor 2018"]
[Site "Linares"]
[Date "2018.08.08"]
[Round "3"]
[White "Anton Guijarro, David"]
[Black "Shirov, Alexei"]
[Result "1/2-1/2"]
[WhiteElo "2652"]
[BlackElo "2631"]
[Annotator "TA"]
[PlyCount "46"]
[EventDate "2018.08.06"]
[EventType "team-tourn"]
[EventCountry "ESP"]
[SourceTitle "playchess.com"]
[Source "ChessBase"]
[SourceQuality "1"]

{[%evp 26,46,18,21,27,16,7,0,114,0,0,0,0,0,0,0,0,0,0,0,0,0,6]} 1. d4 d5 2. c4 c6 3. Nf3 Nf6 4. Nc3 e6 5. e3 Nbd7 6. Qc2 Bd6 7. b3 O-O 8. Be2 b6 9. Bb2 Bb7 10. O-O Qe7 11. Rfe1 {D45: Semi-Slav: 5 e3} (11. Rad1 Rad8 12. Rfe1 Rfe8 13. e4 Nxe4 14. Nxe4 dxe4 15. Qxe4 Bb4 16. Rf1 Bd6 17. Rfe1 Bb4 18. Rf1 Bd6 19. Rfe1 Bb4 {½-½ (19) Radjabov,T (2748)-Carlsen,M (2843) Shamkir 2018}) 11... Rac8 12. e4 Nxe4 13. Nxe4 dxe4 14. Qxe4 {LiveBook: 7 Games} Ba3 {[#]} 15. Bxa3 $146 ({Predecessor:} 15. Bc3 Bb4 16. Rac1 Nf6 17. Qe3 Bxc3 18. Rxc3 c5 19. dxc5 Rxc5 {½-½ (49) Postny,E (2622)-Hamdouchi,H (2602) France 2007}) 15... Qxa3 16. Qh4 c5 {[#]} (16... h6 $11) 17. Qe7 (17. d5 $1 $16 {[%mdl 512] Threatens to win with Qe7.} exd5 18. Qe7) 17... Bxf3 $1 $11 {The position is equal.} 18. Bxf3 Nf6 19. dxc5 Rfe8 20. Qb7 Rb8 21. Qc7 {And now c6 would win.} Rbc8 22. Qb7 Rb8 23. Qc7 {aiming for c6.} Rbc8 1/2-1/2

[Event "ESP-chT Div Honor 2018"]
[Site "Linares"]
[Date "2018.08.08"]
[Round "3"]
[White "Meier, Georg"]
[Black "Volkov, Sergey"]
[Result "1-0"]
[WhiteElo "2638"]
[BlackElo "2557"]
[Annotator "TA"]
[PlyCount "117"]
[EventDate "2018.08.06"]
[EventType "team-tourn"]
[EventCountry "ESP"]
[SourceTitle "playchess.com"]
[Source "ChessBase"]
[SourceQuality "1"]

{[%evp 15,117,21,14,11,42,45,52,27,42,22,62,55,45,18,24,19,27,21,22,20,50,26,89,79,100,108,123,108,101,99,100,107,144,142,130,103,110,110,108,0,0,0,116,60,176,176,176,176,176,176,204,204,204,197,197,197,197,197,197,197,314,306,294,144,317,137,324,265,296,313,293,224,316,216,216,188,216,216,1935,1737,2287,217,29969,29970,29970,29971,29971,29972,29971,29975,29975,29976,29975,29977,29980,29981,29981,29982,29982,29983,29984,29985,29985,29986]} 1. d4 d5 2. c4 c6 3. Nf3 Nf6 4. Nc3 a6 5. cxd5 cxd5 6. Bf4 Nc6 7. Rc1 Nh5 $146 {D13: Slav Defence: Exchange variation without ...Bf5} 8. Bd2 Nf6 {LiveBook: 80 Games} 9. a3 Ne4 {The position is equal.} 10. Nxe4 dxe4 11. Ne5 $1 Nxe5 12. dxe5 Bd7 13. g3 Bc6 14. Bg2 Qd5 15. O-O {[%cal Bh1f1,Bf1c1,Bc1c8][%mdl 32]} f5 16. exf6 exf6 17. Be3 Qe6 18. Rxc6 Qxc6 (18... bxc6 $11 19. Qd4 f5) 19. Qb3 $1 $36 {[%mdl 2048] Threatens to win with Rc1. White has strong initiative.} Rd8 20. Rc1 Qd5 21. Qxd5 Rxd5 22. Bxe4 Rb5 23. b4 {[%mdl 1024] White has strong compensation.} f5 24. Bd3 Rd5 25. Rc8+ Kd7 26. Rb8 Kc6 27. Rc8+ ({White should play} 27. Bc2 $16) 27... Kd7 $11 28. Rb8 (28. Ra8 $11) 28... Kc6 $1 $16 29. a4 (29. Bc2 $16) 29... g6 ({Black should try} 29... g5 $1 $14) 30. b5+ $1 $18 axb5 31. Bxb5+ ({Stronger than} 31. axb5+ Kc7 $11) 31... Kc7 32. Re8 $1 Rd8 33. Rxd8 Kxd8 {[%mdl 4096] Endgame KRB-KB} 34. Bd4 Rg8 35. Bc4 Rg7 36. Bxg7 Bxg7 {KB-KB} 37. Bg8 $1 Ke7 (37... h6 $142 38. Bh7 g5 39. Bxf5 Ke7) 38. Bxh7 Kf6 39. Bg8 (39. h4 $1 $18 {and the rest is easy.}) 39... Bf8 $2 (39... g5 $16 40. h3 Ke5) 40. Kg2 (40. h4 $18 {is more deadly.}) 40... b6 $2 {[#]} (40... g5 $16 41. h4 gxh4 42. gxh4 Bd6) 41. h4 $1 Bb4 42. Bd5 Kg7 43. Bc6 Be1 (43... Kf7 $142 44. f4 Bd2) 44. Be8 Kh6 45. f3 Kh5 46. Kh3 Bf2 $2 (46... Kh6 47. f4 Kg7) 47. e4 fxe4 48. fxe4 $2 (48. g4+ Kh6 49. g5+ (49. fxe4 g5 $18) 49... Kg7 50. fxe4) 48... Bd4 $2 (48... Kh6 $18 49. e5 Kg7) 49. g4+ {[%cal Bg3g4,Bg4g5][%mdl 32] White mates.} Kh6 {[#]} 50. g5+ $1 Kh7 51. Kg4 Bc3 52. Bxg6+ Kxg6 {KB-KP} 53. h5+ {[%cal Bh4h5,Bh5h6,Bh6h7][%mdl 32]} Kf7 54. Kf5 Bd2 55. e5 {[%cal Be4e5,Be5e6][%mdl 32]} Bc1 56. h6 Kg8 57. Kg6 Bb2 58. h7+ Kh8 59. e6 {Precision: White = 73%, Black = 34%.} 1-0

[Event "ESP-chT Div Honor 2018"]
[Site "Linares"]
[Date "2018.08.08"]
[Round "3"]
[White "Banusz, Tamas"]
[Black "Antipov, Mikhail Al"]
[Result "1-0"]
[WhiteElo "2612"]
[BlackElo "2598"]
[Annotator "TA"]
[PlyCount "97"]
[EventDate "2018.08.06"]
[EventType "team-tourn"]
[EventCountry "ESP"]
[SourceTitle "playchess.com"]
[Source "ChessBase"]
[SourceQuality "1"]

{[%evp 17,97,0,0,-8,22,7,74,73,75,83,73,64,87,102,114,70,115,106,107,101,105,107,104,102,96,76,76,78,106,98,112,110,93,77,137,134,197,197,181,95,135,135,142,142,131,138,140,140,136,132,134,134,144,138,212,227,249,262,362,365,377,353,372,321,391,387,768,752,738,697,942,1255,1251,970,1550,784,742,1216,1118,1045,660,627]} 1. Nf3 Nf6 2. c4 c6 3. g3 d5 4. Bg2 Bf5 5. O-O e6 6. d3 dxc4 7. dxc4 Qxd1 {A11: English Opening: 1...c6} 8. Rxd1 Bc2 9. Rf1 Nbd7 {LiveBook: 9 Games. The position is equal.} 10. Bf4 (10. Nc3 Bb4 11. Bd2 a5 12. a3 Bxc3 13. Bxc3 a4 14. Rac1 Be4 15. Rfd1 {0-1 (86) Carlsen,M (2832)-Grischuk,A (2761) Paris 2017}) 10... Nh5 $146 ({Predecessor:} 10... Be7 11. Nc3 O-O 12. Rac1 Bg6 13. Rfd1 Rfd8 14. h3 h6 15. Ne5 Nxe5 16. Bxe5 {½-½ (35) Urban,K (2440)-Ivanchuk,V (2711) Warsaw 2002}) 11. Be3 Bc5 (11... h6 $11) 12. Bxc5 $1 $16 Nxc5 13. b4 Nd7 14. Nc3 a6 15. Nd4 {[%cal Bf3d4,Bd4b3,Bb3a5][%mdl 32]} Bg6 16. Nb3 Rc8 17. c5 Ke7 18. Na5 Rc7 19. Rfd1 f5 20. e4 fxe4 21. Nxe4 Bxe4 22. Bxe4 Nhf6 23. Bg2 Nd5 24. a3 Ne5 25. Rd4 Rf8 (25... Nf7 $142) 26. f4 Ng4 (26... Nf7 $16 {is a better defense.} 27. Re1 Kf6) 27. Re1 $1 $18 Nge3 28. Bh3 (28. Re4 $1 $18) 28... g6 29. Nc4 $1 {[%cal Rc4e3]} Nxc4 30. Rxe6+ Kf7 31. Rxc4 a5 {[#]} 32. Re5 $1 axb4 33. Be6+ Kg7 34. axb4 Nf6 35. Rd4 Ra8 (35... Re8 $16 36. Kg2 Rce7) 36. g4 h6 37. h4 {[%cal Bh2h4,Bh4g5][%mdl 32]} Nh7 38. g5 hxg5 39. hxg5 Re8 40. Kg2 Rce7 {[#]} 41. Rde4 $1 Nf8 $2 (41... Rc7 42. Bc4 Rxe5 43. Rxe5 Rd7) 42. Bg4 {White is clearly winning.} Rxe5 43. Rxe5 ({Not} 43. fxe5 Kf7 $16) 43... Rxe5 44. fxe5 {KB-KN} Kf7 45. Bc8 Ke7 46. Bxb7 Kd7 47. Kg3 Ne6 48. Kg4 Nc7 49. Kh4 {Precision: White = 82%, Black = 39%.} 1-0

[Event "ESP-chT Div Honor 2018"]
[Site "Linares"]
[Date "2018.08.08"]
[Round "3"]
[White "Perez Candelario, Manuel"]
[Black "Forcen Esteban, Daniel"]
[Result "0-1"]
[WhiteElo "2611"]
[BlackElo "2569"]
[Annotator "TA"]
[PlyCount "80"]
[EventDate "2018.08.06"]
[EventType "team-tourn"]
[EventCountry "ESP"]
[SourceTitle "playchess.com"]
[Source "ChessBase"]
[SourceQuality "1"]

{[%evp 19,80,-5,0,0,0,0,0,-11,75,1,72,62,95,-31,-52,-59,-69,-123,-123,-116,-117,-112,-111,-126,-98,-105,-88,-110,-90,-140,-66,-115,-124,-133,-102,-266,-243,-270,-288,-353,-354,-405,-403,-636,-634,-630,-620,-637,-638,-621,-630,-628,-601,-29981,-29982,-29980,-29981,-29992,-2471,-29990,-29991,-29991,-29992]} 1. e4 e6 2. d4 d5 3. Nd2 c5 4. Ngf3 cxd4 5. Nxd4 Nc6 6. Bb5 Bd7 7. Nxc6 bxc6 8. Bd3 Qc7 9. O-O Bd6 10. h3 {C07: Französische Verteidigung (Tarrasch-Variante)} Ne7 {LiveBook: 4 Partien} 11. b3 $146 ({Vorgänger:} 11. c4 O-O 12. Nf3 h6 13. Qe2 e5 14. c5 Bxc5 15. exd5 Bd6 16. dxc6 Bxc6 17. Re1 Rae8 {½-½ (71) Quparadze,G (2506)-Le,Q (2737) Riadh 2017}) 11... O-O 12. Bb2 {Die Stellung ist ausgeglichen.} e5 13. Rc1 f5 (13... Ng6 $11 {hält das Gleichgewicht.}) 14. exd5 (14. c4 $1 $16) 14... Nxd5 (14... e4 $11 {bleibt in der Remisbreite.} 15. dxc6 Bxc6 16. Bc4+ Kh8) 15. Nc4 $16 e4 16. Be2 (16. Nxd6 $16 {zielt auf Le2 ab.} Qxd6 17. c4 exd3 18. Qxd3) 16... Bf4 $15 17. Qd4 {[%csl Gb2][%cal Rd4g7]} Be6 $36 {[%mdl 2048] Schwarz steht aktiver.} 18. Rce1 ({Lieber} 18. Qc5 $15) 18... c5 $17 19. Qd1 Rad8 20. Qa1 {[#]} Nb4 $1 21. Qb1 Nc6 {[%cal Bb4c6,Bc6e7,Be7d5][%mdl 32]} 22. c3 Ne7 23. Qc2 Nd5 24. Kh1 {[#]} Bg5 (24... Qe7 $1 $17 25. Rd1 Bc7) 25. Rd1 Bf7 26. Rfe1 Kh8 27. Bf1 $2 (27. Bc1 $17 {kämpft weiter.} Bf6 28. Bb2) 27... Bh5 $19 28. Ra1 Bg6 29. Rad1 f4 30. Bc1 Bf6 31. Bb2 (31. Qe2 $142) 31... Bh4 32. Rxe4 Nf6 33. Rxd8 Qxd8 34. f3 Nxe4 35. fxe4 f3 36. Ba3 fxg2+ 37. Bxg2 Rf2 38. Qc1 Qd3 (38... Rxg2 $142 39. Qe3 Rc2 40. Nd2 Rxd2 41. Bc1 Rd1+ 42. Kh2 Qd6+ 43. e5 Qd5 44. Qg1 Qxe5+ 45. Bf4 Qxf4+ 46. Kh1 Be4#) 39. Qe3 Qd1+ 40. Kh2 Qf1 {Precision: Weiß = 31%, Schwarz = 67%.} 0-1

[Event "ESP-chT Div Honor 2018"]
[Site "Linares"]
[Date "2018.08.08"]
[Round "3"]
[White "Oparin, Grigoriy"]
[Black "Kuzubov, Yuriy"]
[Result "1/2-1/2"]
[WhiteElo "2609"]
[BlackElo "2647"]
[Annotator "TA"]
[PlyCount "60"]
[EventDate "2018.08.06"]
[EventType "team-tourn"]
[EventCountry "ESP"]
[SourceTitle "playchess.com"]
[Source "ChessBase"]
[SourceQuality "1"]

{[%evp 23,60,41,41,41,41,41,41,41,41,41,43,41,41,28,40,41,51,41,49,48,48,48,48,48,48,48,48,49,51,51,51,0,52,0,52,0,66,0,66]} 1. Nf3 c5 2. c4 Nf6 3. Nc3 Nc6 4. d4 cxd4 5. Nxd4 e6 6. e4 Bb4 7. Nxc6 dxc6 8. Qxd8+ Kxd8 9. e5 Ne4 {B44: Sizilianisch (Paulsen/Taimanow-Variante)} 10. a3 Bxc3+ 11. bxc3 Kc7 (11... b6 12. a4 Kc7 13. h4 f5 14. Rg1 Ba6 15. g4 Rhg8 16. a5 Nc5 17. Be3 {½-½ (87) Dubov,D (2661)-Sjugirov,S (2662) Kaliningrad 2015}) 12. Be3 b6 {LiveBook: 4 Partien} 13. Bd3 Nc5 $1 {[%cal Rc5d3]} 14. Bxc5 bxc5 15. O-O-O Rb8 $146 ({Vorgänger:} 15... Ba6 16. Kc2 Raf8 17. Rhe1 {½-½ (33) Nguyen,D (1906)-Hoang,C (2408) Ho Chi Minh City 2018}) 16. Kc2 Bd7 17. h4 f5 18. Rh3 g6 19. Be2 Rbd8 20. f4 h5 21. Rd6 Bc8 $1 22. Rxd8 Kxd8 $14 {[%mdl 4096] Endspiel KTL-KTL} 23. Rg3 Rh6 24. Kb3 Kc7 25. Ka4 Bb7 26. Ka5 Bc8 27. Ka4 Bb7 28. Ka5 Bc8 29. Ka4 Bb7 30. Ka5 Bc8 {Precision: Weiß = 56%, Schwarz = 76%.} 1/2-1/2